BIBLIOTHÈQUE DE LA MAISON DU MEXIQUE

Logo 1 Logo 2

Alterados (notice nᵒ 6861)

détails MARC
000 -Sello discográfico
campo de control de longitud fija 00813nam a2200277 4500
005 - Identificación de versión
campo de control 20260507110630.0
010 ## - Número Estándar Internacional de Libros (ISBN)
Número (ISBN) 978-607-11-0403-8
099 ## - fechas locales
Tipo de ítem Koha LIBRO
100 ## - Datos de procesamiento general
Datos de procesamiento general 20231002d20102009m y1spay5003 ba
105 ## - Campo de datos codificados: Material textual, monográfico
Datos codificados de monografía y 001zy
200 1# - Título y mención de responsabilidad
Título propio Alterados
Designación general del material texto impreso
Otra información del título preguntas para el siglo XXI
Primer mención de responsabilidad Federico Reyes Heroles
205 ## - Declaración de edición
Declaración de edición 1a reimpr de la 1a ed
210 ## - Publicación, distribución, etc.
Lugar de publicación, distribución, etc. México
Nombre del editor, distribuidor, etc. Editorial Taurus
Fecha de publicación, distribución, etc. 2010
215 ## - Descripción física
Designación de material específico y extensión del ítem 303 p
Dimensiones 22 cm
300 ## - Notas generales
Texto de la nota Dedicatoria del autor
300 ## - Notas generales
Texto de la nota Incluye índice analítico
345 ## - Nota de información de adquisición
Fuente de adquisición/dirección de la suscripción [OBSOLETO] Donación Alan Riding
410 #1 - Series
Título Pensamiento
606 ## - Término temático usado como materia
Elemento de entrada Ciencia política
Subdivisión temática Filosofía
Número Koha 12887
660 ## - Código de área geográfica
Código MX
700 ## - Nombre personal - Responsabilidad primaria
Elemento de entrada Reyes Heroles
Parte del nombre distinta del elemento de entrada Federico
Fechas 1955-
Número Koha 5361
801 #0 - Fuente de origen
País FR
Agencia cm
Reglas de catalogación (convenciones descriptivas) AFNOR
942 ## - ELEMENTOS DE ENTRADA SECUNDARIOS (KOHA)
Tipo de ítem Koha Livre
Exemplaires
Estatus retirado Estado de daño Estado de pérdida Fecha de adquisición Biblioteca de origen Biblioteca actual Ubicación en estantería Código de barras Precio de reemplazo Signatura topográfica completa No para préstamo Tipo de ítem Koha Nota pública Nota no pública
      05/08/2025 Casa México Paris Casa México Paris   008644 05/08/2025 320.01 R457AL   Livre 20231002LIV 751145101